| 000 | 01392nam a2200361 i 4500 | ||
|---|---|---|---|
| 003 | EG-GICUC | ||
| 005 | 20260121101441.0 | ||
| 008 | 251208s2003 us ||||fr|||| 00| 0 ara d | ||
| 020 | _aISBN 1-889001-03-1 | ||
| 040 |
_a EG-GICUC _bara _c EG-GICUC _d EG-GICUC _erda |
||
| 041 | 0 | _aara | |
| 082 | 0 | 4 |
_221 _a343.5 _b م ح , م |
| 092 | 0 | 4 | _221 |
| 099 | _aLaw1 10 343.5 م ح, م 2003 | ||
| 100 | 0 |
_aمحمود شريف بسيوني _eمؤلف. |
|
| 245 | 1 | 0 |
_aمدخل لدراسة القانون الإنساني الدولي / _cأ.د . محمود شربف بسيوني |
| 246 | _aInternationl Humanitarian Law | ||
| 264 | 1 |
_aشيكاغو : _b , معهد القانون الدولي لحقوق الإنسان _c2003 . |
|
| 300 |
_a348,IV صفحة _bإيضاحيات، صور، مثيليات ؛ _c24 سم |
||
| 336 |
_2rda content _atext |
||
| 337 |
_2rda media _aComputer |
||
| 338 |
_2rda carrier _aOnline Resource |
||
| 504 | _a. 240-220 ببليوجرافيا: صفحات. | ||
| 546 | _aالنص أغلبه باللغة العربية مع بعض النصوص الإنجليزية | ||
| 600 | _a4 | ||
| 650 | 1 | 4 |
_aالقانون الدولي _2qrmak |
| 650 | 1 | 4 | _aالجرائم الدولية |
| 650 | 1 | 4 | _aالقانون الجنائي |
| 651 | 1 | _2qrmak | |
| 856 | 4 | 0 | _uhttps://fll.law.cu.edu.eg/fulltext/bks/B10-06693.pdf |
| 905 | _a70 | ||
| 942 |
_2ddc _cBK _e21 _n0 |
||
| 999 |
_c49130 _d49130 |
||